La segunda revolución / (Registro nro. 63280)
[ vista simple ]
| 000 -LEADER | |
|---|---|
| fixed length control field | 00730nam a2200229 u 4500 |
| 001 - CONTROL NUMBER | |
| control field | 63280 |
| 005 - DATE AND TIME OF LATEST TRANSACTION | |
| control field | 20230523150741.0 |
| 008 - FIXED-LENGTH DATA ELEMENTS--GENERAL INFORMATION | |
| fixed length control field | 150718s1993 mx r 000 0 spa d |
| 020 ## - INTERNATIONAL STANDARD BOOK NUMBER | |
| International Standard Book Number | 9682318238 |
| 041 1# - LANGUAGE CODE | |
| Language code of text/sound track or separate title | spa-fre |
| 082 ## - DEWEY DECIMAL CLASSIFICATION NUMBER | |
| Classification number | 320.94 |
| 100 1# - MAIN ENTRY--PERSONAL NAME | |
| Personal name | Michnik, Adam |
| Dates associated with a name | 1946- |
| Relator term | autor |
| 9 (RLIN) | 3171 |
| 245 13 - TITLE STATEMENT | |
| Title | La segunda revolución / |
| Statement of responsibility, etc. | Textos compilados y presentados por Agnieszka Grudzinska y Georges Mink. Traducción de Rosa Ana Domínguez Cruz. |
| 250 ## - EDITION STATEMENT | |
| Edition statement | Primera edición |
| 264 ## - PRODUCTION, PUBLICATION, DISTRIBUTION, MANUFACTURE, AND COPYRIGHT NOTICE | |
| Place of production, publication, distribution, manufacture | México : |
| Name of producer, publisher, distributor, manufacturer | Siglo Veintiuno |
| Date of production, publication, distribution, manufacture, or copyright notice | 1993 |
| 300 ## - PHYSICAL DESCRIPTION | |
| Extent | 204 Páginas ; |
| Dimensions | 21 cm. |
| 336 ## - CONTENT TYPE | |
| Content type term | texto |
| Source | rdacontent |
| 337 ## - MEDIA TYPE | |
| Media type term | sin mediación |
| Source | rdamedia |
| 338 ## - CARRIER TYPE | |
| Carrier type term | volumen |
| Source | rdacarrier |
| 490 1# - SERIES STATEMENT | |
| Series statement | sociología y política |
| 650 #0 - SUBJECT ADDED ENTRY--TOPICAL TERM | |
| Topical term or geographic name entry element | Europa |
| Withdrawn status | Lost status | Source of classification or shelving scheme | Damaged status | Not for loan | Collection code | Home library | Current library | Shelving location | Date acquired | Source of acquisition | Total Checkouts | Full call number | Barcode | Date last seen | Price effective from | Koha item type | Inventory number |
|---|---|---|---|---|---|---|---|---|---|---|---|---|---|---|---|---|---|
| Dewey Decimal Classification | General | Biblioteca Karol Wojtyla | Biblioteca Karol Wojtyla | Sala general | 18/01/2017 | Compra | 320.532094 MIC 1993 | 96841 | 05/01/2026 | 18/01/2017 | Libro | 151000000000000000056004 | |||||
| Dewey Decimal Classification | General | Tehuacán | Tehuacán | Sala general | 18/07/2015 | Compra | 320.94 MICH 1993 | 509889 | 08/01/2025 | 18/07/2015 | Libro |